Carranza's Clinical Periodontology : (Record no. 35185)

MARC details
000 -LEADER
fixed length control field 00604nam a22002057a 4500
005 - DATE AND TIME OF LATEST TRANSACTION
control field 20240311121736.0
008 - FIXED-LENGTH DATA ELEMENTS--GENERAL INFORMATION
fixed length control field 240226b |||||||| |||| 00| 0 eng d
020 ## - INTERNATIONAL STANDARD BOOK NUMBER
ISBN 9788131231326
082 ## - DEWEY DECIMAL CLASSIFICATION NUMBER
Classification number 617.632
Item number NEW-C
100 ## - MAIN ENTRY--AUTHOR
Author Name Newman, Michael G.
245 ## - TITLE STATEMENT
Title Carranza's Clinical Periodontology :
Statement of responsibility, etc. Takei ,Klokkevold ,Carranza.
Remainder of title Supplement /
250 ## - EDITION STATEMENT
Edition statement 11th ed .
260 ## - PUBLICATION, DISTRIBUTION, ETC.
Place of Publication India :
Name of publisher, distributor, etc. Elsevier ;
Date of publication, distribution, etc. 2013 .
300 ## - PHYSICAL DESCRIPTION
Pages xxvi , 599 p. :
500 ## - GENERAL NOTE
General note Include Index.
650 ## - SUBJECT ADDED ENTRY--TOPICAL TERM
Subject / Department Medical / Dentistry
700 ## - ADDED ENTRY--PERSONAL NAME
Personal name Henry H. Takei
700 ## - ADDED ENTRY--PERSONAL NAME
Personal name Perry R. Klokkevold
300 ## - PHYSICAL DESCRIPTION
-- ill ;
-- 27 cm .
952 ## - LOCATION AND ITEM INFORMATION (KOHA)
-- 0
-- 0
Holdings
Lost status Damaged status Collection code Permanent Location Current Location Shelving Location Date acquired Full Call Number Accession No./Barcode Date last seen item type Koha item type
    Medical Superior Information Resource Center (SIRC) Superior University- Main Campus Superior Information Resource Center (SIRC) Superior University- Main Campus Dentistry 02/26/2024 617.632 NEW-C 2013 13463 02/26/2024 BOOK BOOK

Powered by Koha